[Event "Zhukovsky op 04"]
[Site "Zhukovsky"]
[Date "2014.??.??"]
[Round "9"]
[White "Shavernev, Artem"]
[Black "Vatolin, Aleksey"]
[Result "0-1"]
[WhiteElo "1350"]
[BlackElo "1773"]
[PlyCount "94"]
[EventDate "2014.04.??"]
[EventType "swiss"]
[EventRounds "9"]
[EventCountry "RUS"]
[SourceTitle "EXT 2016"]
[Source "ChessBase"]
[SourceDate "2015.10.08"]
[SourceVersion "1"]
[SourceVersionDate "2015.10.08"]
[SourceQuality "1"]

1. e4 e6 2. d4 d5 3. exd5 exd5 4. Bd3 Bd6 5. c3 c6 6. Ne2 Qc7 7. h3 Nf6 8. Bg5 Nbd7 9. Bh4 h6 10. Bg3 Ne4 11. Bxe4 dxe4 12. Bxd6 Qxd6 13. Ng3 Qg6 14. Nd2 f5 15. Qh5 Qxh5 16. Nxh5 0-0 17. Ng3 Nf6 18. 0-0-0 Nd5 19. Nc4 Nf4 20. Rhg1 Nd3+ 21. Kb1 Nxf2 22. Rd2 Nd3 23. Nd6 b6 24. Rf1 g6 25. Nc4 Ba6 26. b3 Rad8 27. Rfd1 Bxc4 28. bxc4 Nf4 29. Nf1 g5 30. Ne3 Ng6 31. Nc2 f4 32. Ne1 e3 33. Rb2 h5 34. Nf3 g4 35. hxg4 hxg4 36. Nh2 f3 37. g3 Ne5 38. Re1 e2 39. Rd2 Nxc4 40. Rd3 Rde8 41. Nxg4 f2 42. Nxf2 Rxf2 43. Kc1 Rf1 44. Rxf1 exf1Q+ 45. Rd1 Qe2 46. Rd2 Qxd2+ 47. Kb1 Re1# 0-1

[Event "Zhukovsky op 04"]
[Site "Zhukovsky"]
[Date "2014.??.??"]
[Round "8"]
[White "Vatolin, Aleksey"]
[Black "Razmyslov, Vladimir"]
[Result "1-0"]
[WhiteElo "1773"]
[BlackElo "1344"]
[PlyCount "117"]
[EventDate "2014.04.??"]
[EventType "swiss"]
[EventRounds "9"]
[EventCountry "RUS"]
[SourceTitle "EXT 2016"]
[Source "ChessBase"]
[SourceDate "2015.10.08"]
[SourceVersion "1"]
[SourceVersionDate "2015.10.08"]
[SourceQuality "1"]

1. e4 e5 2. Nf3 Nc6 3. d4 exd4 4. c3 Bc5 5. cxd4 Bb6 6. Bc4 h6 7. Qb3 Qe7 8. Be3 Na5 9. Qd3 d6 10. Nc3 c6 11. Nd2 Nxc4 12. Nxc4 Bc7 13. d5 b5 14. Nd2 Bb7 15. dxc6 Bxc6 16. Nxb5 Bb8 17. Rc1 Qd7 18. Nd4 Bb7 19. Nc4 Ne7 20. 0-0 d5 21. exd5 Qxd5 22. f3 Qh5 23. g3 0-0 24. Qe2 Qd5 25. Nb3 Ba6 26. Rfd1 Qe6 27. Nc5 Qc8 28. Nxa6 Qxa6 29. Bxh6 gxh6 30. Qxe7 Qe6 31. Qxe6 fxe6 32. Kg2 Bc7 33. Rd7 Bb6 34. Nxb6 axb6 35. Rcc7 Rf6 36. a3 e5 37. Kf2 Re8 38. Ke3 Ree6 39. Rd8+ Rf8 40. Rcc8 Rxd8 41. Rxd8+ Kf7 42. Ke4 Rf6 43. Rd5 Rc6 44. Rxe5 Rc2 45. Rb5 Rxh2 46. Rxb6 h5 47. a4 h4 48. gxh4 Rxh4+ 49. Kf5 Rxa4 50. Rb7+ Ke8 51. b4 Kd8 52. Ke5 Kc8 53. Rb5 Ra6 54. Rc5+ Kb7 55. f4 Rh6 56. f5 Kb6 57. f6 Rh4 58. f7 Rxb4 59. f8Q 1-0

[Event "Zhukovsky Summer"]
[Site "Zhukovsky"]
[Date "2010.07.27"]
[Round "2"]
[White "Pugachev, Dmitriy"]
[Black "Vatolin, Aleksey"]
[Result "0-1"]
[WhiteElo "1525"]
[BlackElo "1674"]
[PlyCount "74"]
[EventDate "2010.07.27"]
[EventType "tourn"]
[EventRounds "9"]
[EventCountry "RUS"]
[SourceTitle "EXT 2022"]
[Source "ChessBase"]
[SourceDate "2021.10.06"]
[SourceVersion "1"]
[SourceVersionDate "2021.10.06"]
[SourceQuality "1"]

1. e4 e6 2. Nf3 d5 3. e5 c5 4. d4 cxd4 5. Nxd4 Bc5 6. Be3 Qb6 7. b3 Nc6 8. c3 Nxe5 9. f4 Nc6 10. Be2 Nf6 11. Nd2 Nxd4 12. cxd4 Bxd4 13. Bxd4 Qxd4 14. Nf3 Qc3+ 15. Nd2 Ne4 16. Rc1 Qa5 17. Qc2 0-0 18. Bd3 Qxd2+ 19. Qxd2 Nxd2 20. Kxd2 Bd7 21. Rc7 Bc6 22. a4 Rac8 23. Rxc8 Rxc8 24. Bb5 Bxb5 25. axb5 Rc5 26. Rc1 Rxc1 27. Kxc1 Kf8 28. Kd2 Ke7 29. Ke3 Kd6 30. Kd4 f6 31. g4 e5+ 32. fxe5+ fxe5+ 33. Kc3 Kc5 34. b6 Kxb6 35. Kb4 e4 36. Kc3 g5 37. Kd4 h6 0-1

[Event "Zhukovsky op-B 05"]
[Site "Zhukovsky"]
[Date "2010.05.14"]
[Round "4"]
[White "Kuznetsov, Yuriy"]
[Black "Vatolin, Aleksey"]
[Result "1-0"]
[WhiteElo "1784"]
[BlackElo "1647"]
[PlyCount "115"]
[EventDate "2010.05.14"]
[EventType "swiss"]
[EventRounds "9"]
[EventCountry "RUS"]
[SourceTitle "EXT 2022"]
[Source "ChessBase"]
[SourceDate "2021.10.06"]
[SourceVersion "1"]
[SourceVersionDate "2021.10.06"]
[SourceQuality "1"]

1. d4 Nf6 2. c4 e6 3. Nf3 d5 4. Nc3 Bb4 5. Bg5 Nbd7 6. e3 c5 7. cxd5 exd5 8. Bxf6 Nxf6 9. a3 Ba5 10. Qc2 c4 11. Be2 Ne4 12. 0-0 Bxc3 13. bxc3 Qa5 14. Rfc1 Bd7 15. Qb2 b5 16. Qb4 Qc7 17. Bd1 a5 18. Qb2 0-0 19. Ne1 Rfb8 20. Bf3 Nf6 21. g3 Bf5 22. Bg2 h6 23. Nf3 Be4 24. Qd2 Bxf3 25. Bxf3 Qd6 26. Rcb1 Ra7 27. Qe1 Qe7 28. Qc1 Rab7 29. Qc2 b4 30. axb4 axb4 31. cxb4 Rxb4 32. Rxb4 Qxb4 33. Kg2 Qb3 34. Rc1 Kf8 35. h4 Qxc2 36. Rxc2 Ke7 37. Be2 Rc8 38. f3 Kd6 39. g4 g5 40. h5 Rc6 41. Kf2 Ke6 42. Ke1 Kd6 43. Kd2 Rc7 44. Bd1 Re7 45. Rc3 Kc6 46. Bc2 Kb5 47. Ra3 Re6 48. Ra7 Ne8 49. Rxf7 Rf6 50. Rxf6 Nxf6 51. Kc3 Ka5 52. e4 dxe4 53. Bxe4 Kb5 54. Ba8 Nd7 55. Bd5 Nb6 56. Be4 Na4+ 57. Kc2 Kb4 58. f4 1-0

[Event "Zhukovsky-chB"]
[Site "Zhukovsky"]
[Date "2010.04.01"]
[Round "7"]
[White "Prishchepa, Igor"]
[Black "Vatolin, Aleksey"]
[Result "1/2-1/2"]
[WhiteElo "1797"]
[BlackElo "1632"]
[PlyCount "148"]
[EventDate "2010.04.01"]
[EventType "swiss"]
[EventRounds "9"]
[EventCountry "RUS"]
[SourceTitle "EXT 2022"]
[Source "ChessBase"]
[SourceDate "2021.10.06"]
[SourceVersion "1"]
[SourceVersionDate "2021.10.06"]
[SourceQuality "1"]

1. e4 e6 2. d4 d5 3. exd5 exd5 4. Bd3 Bd6 5. Nf3 Nf6 6. Qe2+ Be6 7. Ng5 Qe7 8. Nxe6 fxe6 9. f4 Nc6 10. c3 0-0-0 11. Na3 Bxa3 12. bxa3 Nd7 13. 0-0 Nb6 14. Re1 Rde8 15. Bb5 Qd6 16. a4 Re7 17. Qc2 Na5 18. Re2 Nbc4 19. Bxc4 Nxc4 20. Bd2 Qa6 21. Rae1 g6 22. Bc1 Rhe8 23. Qb3 Rf7 24. Qb5 Qxb5 25. axb5 Kd7 26. a4 Nb6 27. Ra2 Nc4 28. g3 c6 29. Ba3 Nxa3 30. Rxa3 Kd6 31. bxc6 Kxc6 32. Rb3 Rc7 33. Kf2 b6 34. Re5 Kd6 35. Ke3 Rc4 36. Ra3 Rf8 37. h4 h6 38. Kd3 Rf5 39. Ra1 h5 40. Kc2 Ke7 41. Rae1 Rxe5 42. fxe5 Kf7 43. Kb3 a6 44. Rf1+ Kg7 45. Rf6 Rc6 46. Rf4 a5 47. Rf3 Rc4 48. Rf6 Rc6 49. Rf2 Rc4 50. Rf4 Rc7 51. g4 hxg4 52. Rxg4 Kh6 53. Rf4 Kg7 54. Kc2 Kh6 55. Rf6 Rc6 56. Kd3 Kh5 57. Kc2 g5 58. hxg5 Kxg5 59. Rf8 Kg6 60. Rd8 Kf7 61. Rd7+ Kg6 62. Rd6 Rxd6 63. exd6 Kf7 64. Kd3 Ke8 65. c4 dxc4+ 66. Kxc4 Kd7 67. Kb5 Kxd6 68. Kxb6 Kd5 69. Kxa5 Kxd4 70. Kb5 e5 71. a5 e4 72. a6 e3 73. a7 e2 74. a8Q e1Q 1/2-1/2

[Event "Zhukovsky Elo-B 08"]
[Site "Zhukovsky"]
[Date "2009.08.14"]
[Round "6"]
[White "Vatolin, Aleksey"]
[Black "Shvetzov, Mikhail"]
[Result "0-1"]
[WhiteElo "1613"]
[BlackElo "1806"]
[PlyCount "52"]
[EventDate "2009.08.14"]
[EventType "swiss"]
[EventRounds "7"]
[EventCountry "RUS"]
[SourceTitle "EXT 2022"]
[Source "ChessBase"]
[SourceDate "2021.10.06"]
[SourceVersion "1"]
[SourceVersionDate "2021.10.06"]
[SourceQuality "1"]

1. e4 c5 2. Nf3 d6 3. d4 cxd4 4. Nxd4 Nf6 5. Nc3 g6 6. Be3 Bg7 7. f3 0-0 8. Qd2 Nc6 9. 0-0-0 d5 10. exd5 Nxd5 11. Nxc6 bxc6 12. Nxd5 cxd5 13. Qxd5 Qc7 14. Qxa8 Bf5 15. Qxf8+ Kxf8 16. Bd3 Qe5 17. Bxf5 Qxe3+ 18. Kb1 Qb6 19. Kc1 Bxb2+ 20. Kd2 gxf5 21. c3 Qa5 22. Ke2 Bxc3 23. Rd3 Qxa2+ 24. Ke3 Qxg2 25. Rdd1 e5 26. Rhe1 Bd4+ 0-1